000 00495nam a2200205Ia 4500
005 20240619102422.0
008 131103s9999 xx 000 0 und d
020 _a706930320
040 _aLoreto College
041 _aEnglish
082 _a613
_bARY
100 _aArya, Subhash C.
245 _aInfant and child care
_cSubhash C. Arya
260 _aDelhi
_bTarang
_c1986
300 _a238p.
504 _aIncludes index
650 _ahealth & hygiene
850 _aLCBED
942 _cBK
999 _c30062
_d80541